LEADER 01368nam a2200301 a 4500 001 000000167065 003 CaOOAMICUS 005 20180413110532.0 008 180413s1965 it u000 u ita r 032 $aLibriCat 040 $aPUL$bita 041 1 $aita$hfre 100 1 $aMerleau-Ponty, Maurice,$d1908-1961.$0(OLS)http://pul/name/11688 240 10$aPhénoménologie de la perception.$lItaliano.$0(OLS)http://pul/title/107475 245 10$aFenomenologia della percezione /$cMaurice Merleau-Ponty ; traduzione e appendice bibliografica a cura di Andrea Bonomi. 260 $aMilano :$bIl Saggiatore,$c1965. 300 $a601 p. ;$c22 cm. 490 1 $aLa Cultura (Il Saggiatore).$aStoria, critica, testi ;$v95 650 4$aFenomenologia.$0(OLS)http://pul/subject/1230 650 4$aPercezione (Filosofia).$0(OLS)http://pul/subject/37689 700 1 $aBonomi, Andrea,$d1940-$0(OLS)http://pul/name/13522 830 3$aLa Cultura (Il Saggiatore).$pStoria, critica, testi ;$v95.$0(OLS)http://pul/title/70683 850 $aPUL 852 $aPUL$W1$xDP1 Fondo Dalla Palma$y117$m2 A 98$j156039$qFondi$B194607$CPULBib$Z2$F194607 $HDal2825 $81 941 1 $a1 996 $6245$aFenomenologia della percezione$9(OLS)http://pul/title/107476 996 $6260$aMilano :$bIl Saggiatore$9(OLS)http://pul/publisher/49408 LEADER 01767nam a2200349 u 4500 001 000000057363 003 CaOOAMICUS 005 20070226120556.0 008 010508s1970 it u000 u ita u 035 $a10887741 040 $aPUL(R)$bita 041 1 $aita$hger 100 1 $aFetscher, Iring,$d1922-$0(OLS)http://pul/name/30966 240 10$aMarxismus : Seine Geschichte in Dokumenten.$lItaliano.$0(OLS)http://pul/title/76802 245 13$aIl marxismo :$bstoria documentaria /$cIring Fetscher. 250 $a2. ed. 260 $aMilano :$bFeltrinelli,$c1970. 300 $a3 v. ;$c18 cm 490 1 $aUniversale economica ;$v591-593 504 $a"Bibliografia in ogni volume". 505 1 $aV. 1: Filosofia ideologia -- v. 2: Economia Sociologia -- v. 3: Politica. 650 4$aMarxismo$xCritica e interpretazione.$0(OLS)http://pul/subject/18831 830 0$aUniversale Economica ;$v591-593.$0(OLS)http://pul/title/12276 850 $aPUL 852 $aPUL$W1$xSL Religione 2$y84$mRH D3 228$j75053$nBK-PRI$b $qStampati altre collocazioni$B75053$CPULBib$Z2$F75053 $81 852 $aPUL$W1$xDP1 Fondo G. Barberini$y122$m4 E 61.1$j177815$nBK-PRI$b vol. 1$qFondi$B180978$CPULBib$Z2$F180978 $HBar630 $81 852 $aPUL$W1$xDP1 Fondo G. Barberini$y122$m4 E 61.2$j177817$nBK-PRI$b vol. 2$qFondi$B180981$CPULBib$Z2$F180981 $HBar631 $81 852 $aPUL$W1$xDP1 Fondo G. Barberini$y122$m4 E 61.3$j177818$nBK-PRI$b vol. 3$qFondi$B180982$CPULBib$Z2$F180982 $HBar632 $81 941 1 $a1 941 1 $a10 996 $6245$aIl marxismo :$bstoria documentaria$9(OLS)http://pul/title/76803 996 $6260$aMilano :$bFeltrinelli$9(OLS)http://pul/publisher/48846